Library of the University of Algiers 3
Ibrahim Sultan Cheibout
شعار جامعة الجزائر 3
مكتبة جامعة الجزائر 3
إبراهيم سلطان شيبوط

الإحصاء التربوي : (رقم التسجيلة. 43110)

تفاصيل مارك
000 -LEADER
fixed length control field 01306nam a2200265Ia 4500
003 - CONTROL NUMBER IDENTIFIER
control field Ost
005 - DATE AND TIME OF LATEST TRANSACTION
control field 20260507075123.0
008 - FIXED-LENGTH DATA ELEMENTS--GENERAL INFORMATION
fixed length control field 260507s9999||||xx |||||||||||||| ||und||
040 ## - CATALOGING SOURCE
Transcribing agency fsecg
041 ## - LANGUAGE CODE
Language code of text/sound track or separate title ara
082 ## - DEWEY DECIMAL CLASSIFICATION NUMBER
Classification number 330
100 ## - MAIN ENTRY--PERSONAL NAME
Personal name المنيزل، عبد الله فلاح
Relator term مؤلف
245 #0 - TITLE STATEMENT
Title الإحصاء التربوي :
Remainder of title تطبيقات بإستخدام الرزم الإحصائية للعلوم الإجتماعية /
Statement of responsibility, etc. عبد الله فلاح المنيزل
260 ## - PUBLICATION, DISTRIBUTION, ETC.
Place of publication, distribution, etc. عمان:
Name of publisher, distributor, etc. دار المسيرة,
Date of publication, distribution, etc. 2006
300 ## - PHYSICAL DESCRIPTION
Extent 284 صفحة؛
Other physical details إيضاحات ؛
Dimensions 24 سم
520 ## - SUMMARY, ETC.
Summary, etc. مدخل إلى دراسة الإحصاء-التمثيل البياني-مقاييس النزعة المركزية-مقاييس التشتت-مقاييس الموقع-معامل الإرتباط والإنحدار-معامل الإنحدار البسيط-الفرضيات-التوزيع العيني للمتوسطات واختيار الفرضيات
653 ## - INDEX TERM--UNCONTROLLED
Uncontrolled term الإنحدار البسيط
653 ## - INDEX TERM--UNCONTROLLED
Uncontrolled term الفرضيات
653 ## - INDEX TERM--UNCONTROLLED
Uncontrolled term النزعة المركزية
653 ## - INDEX TERM--UNCONTROLLED
Uncontrolled term دراسة الإحصاء
653 ## - INDEX TERM--UNCONTROLLED
Uncontrolled term معامل الإرتباط
653 ## - INDEX TERM--UNCONTROLLED
Uncontrolled term مقاييس التشتت
700 ## - ADDED ENTRY--PERSONAL NAME
Personal name عايش، موسى غرايبة
Relator term مؤلف ثانوي
942 ## - ADDED ENTRY ELEMENTS (KOHA)
Koha item type كتب

لا توجد مواد متاحة.

موارد الويب المفتوحة


© University of Algiers 3 All Rights Reserved
|
Implemented by LECHELAH Riad